[Event "Mittelrhein Verbandsliga-S 18/19"]
[Site "Nordrheinwestfalen"]
[Date "2018.10.28"]
[Round "3.1"]
[White "Weber, Jannis"]
[Black "Engel, Johann"]
[Result "1-0"]
[WhiteElo "1911"]
[BlackElo "2110"]
[PlyCount "87"]
[EventDate "2018.09.02"]
[EventType "team-tourn"]
[EventRounds "11"]
[EventCountry "GER"]
[SourceTitle "EXT 2022"]
[Source "ChessBase"]
[SourceDate "2021.10.06"]
[SourceVersion "1"]
[SourceVersionDate "2021.10.06"]
[SourceQuality "1"]
[WhiteTeam "Hennef"]
[BlackTeam "Bruehl II"]
[WhiteTeamCountry "GER"]
[BlackTeamCountry "GER"]

1. e4 c6 2. d4 d5 3. exd5 cxd5 4. c4 Nf6 5. Nc3 e6 6. Nf3 Nc6 7. c5 Bd7 8. Bb5 Ne4 9. Bxc6 Bxc6 10. Qc2 Qa5 11. a3 Be7 12. 0-0 Bf6 13. Bf4 Qa6 14. Ne5 0-0 15. Nxe4 dxe4 16. a4 Rfd8 17. Rfd1 Bd5 18. b4 Bxe5 19. Bxe5 Qc6 20. b5 Qe8 21. Qe2 f6 22. Bg3 g5 23. Rdb1 Qg6 24. a5 a6 25. c6 axb5 26. c7 Rdc8 27. Rxb5 Bc6 28. Rb6 Qf5 29. a6 Qd5 30. Rab1 bxa6 31. Rxa6 e3 32. f3 f5 33. Rb8 Bd7 34. Raxa8 Qxa8 35. Rxa8 Rxa8 36. Qxe3 f4 37. Bxf4 gxf4 38. Qxf4 Rf8 39. Qg4+ Kf7 40. Qh5+ Kg8 41. Qg5+ Kf7 42. Kf2 Bc8 43. Ke3 Bb7 44. Qh6 1-0

[Event "Mittelrhein Verbandsliga-S 17/18"]
[Site "Nordrheinwestfalen"]
[Date "2018.02.04"]
[Round "7.1"]
[White "Engel, Johann"]
[Black "Schwarz, Andreas"]
[Result "1/2-1/2"]
[WhiteElo "2033"]
[BlackElo "2090"]
[PlyCount "34"]
[EventDate "2017.09.10"]
[EventType "team-tourn"]
[EventRounds "11"]
[EventCountry "GER"]
[SourceTitle "EXT 2022"]
[Source "ChessBase"]
[SourceDate "2021.10.06"]
[SourceVersion "1"]
[SourceVersionDate "2021.10.06"]
[SourceQuality "1"]
[WhiteTeam "Bruehl II"]
[BlackTeam "Troisdorf"]
[WhiteTeamCountry "GER"]
[BlackTeamCountry "GER"]

1. d4 Nf6 2. c4 g6 3. Nc3 d5 4. Bf4 Bg7 5. e3 0-0 6. Nf3 c5 7. Be2 cxd4 8. Nxd4 Nc6 9. Nxc6 bxc6 10. 0-0 Qa5 11. Qa4 Qxa4 12. Nxa4 Ne4 13. Bc7 Nd2 14. Rfc1 Be6 15. cxd5 cxd5 16. Ba5 Nc4 17. Bc3 Rac8 1/2-1/2

[Event "Mittelrhein Verbandsliga-S 17/18"]
[Site "Nordrheinwestfalen"]
[Date "2017.09.10"]
[Round "1.1"]
[White "Hemmann, Arnold"]
[Black "Engel, Johann"]
[Result "1/2-1/2"]
[WhiteElo "2091"]
[BlackElo "2003"]
[PlyCount "48"]
[EventDate "2017.09.10"]
[EventType "team-tourn"]
[EventRounds "11"]
[EventCountry "GER"]
[SourceTitle "EXT 2022"]
[Source "ChessBase"]
[SourceDate "2021.10.06"]
[SourceVersion "1"]
[SourceVersionDate "2021.10.06"]
[SourceQuality "1"]
[WhiteTeam "Godesberg III"]
[BlackTeam "Bruehl II"]
[WhiteTeamCountry "GER"]
[BlackTeamCountry "GER"]

1. e4 c6 2. c4 d5 3. cxd5 cxd5 4. exd5 Qxd5 5. Nc3 Qa5 6. d4 Nf6 7. Bc4 e6 8. Qe2 Be7 9. Nf3 0-0 10. 0-0 Nc6 11. Rd1 Rd8 12. Bf4 Nb4 13. Rac1 Nbd5 14. Bd2 Nxc3 15. Bxc3 Bb4 16. Bb3 b6 17. Bxb4 Qxb4 18. Rc7 Bd7 19. h3 Ne8 20. Rc3 Rac8 21. Rxc8 Bxc8 22. d5 Nc7 23. dxe6 Rxd1+ 24. Qxd1 Nxe6 1/2-1/2

[Event "Mittelrhein Verbandsliga-O 16/17"]
[Site "Nordrheinwestfalen"]
[Date "2016.09.11"]
[Round "1"]
[White "Guelsen, Taylan"]
[Black "Engel, Johann"]
[Result "0-1"]
[WhiteElo "2033"]
[BlackElo "1863"]
[PlyCount "88"]
[EventDate "2016.09.11"]
[EventType "team-tourn"]
[EventRounds "11"]
[EventCountry "GER"]
[SourceTitle "EXT 2022"]
[Source "ChessBase"]
[SourceDate "2021.10.06"]
[SourceVersion "1"]
[SourceVersionDate "2021.10.06"]
[SourceQuality "1"]
[WhiteTeam "Niederkassel II"]
[BlackTeam "Bruehl II"]
[WhiteTeamCountry "GER"]
[BlackTeamCountry "GER"]

1. Nf3 Nf6 2. c4 g6 3. b4 Bg7 4. Bb2 0-0 5. g3 d6 6. Bg2 c6 7. 0-0 Be6 8. d3 a5 9. b5 cxb5 10. cxb5 Qb6 11. a4 Rc8 12. Bd4 Qc7 13. Nc3 Nd5 14. Nxd5 Bxd5 15. e4 Be6 16. Rc1 Qd8 17. Qd2 Nd7 18. Bxg7 Kxg7 19. Ng5 Nc5 20. Nxe6+ Nxe6 21. d4 Qb6 22. d5 Qd4 23. Qe2 Rxc1 24. Rxc1 Nc5 25. e5 dxe5 26. Rc4 Qa1+ 27. Bf1 b6 28. Qe3 Rd8 29. Rh4 Rxd5 30. Qh6+ Kf6 31. Kg2 Rd4 32. g4 Ne6 33. g5+ Kf5 34. Qxh7 Nxg5 35. Qh8 Rxh4 36. Qxh4 Qd4 37. Qg3 Qg4 38. f3 Qxg3+ 39. hxg3 Ne6 40. Bc4 Kf6 41. Bxe6 Kxe6 42. Kf2 Kd5 43. Ke3 f5 44. Kd3 e4+ 0-1

[Event "Cologne Longerich op-A 13th"]
[Site "Cologne"]
[Date "2016.08.12"]
[Round "1"]
[White "Engel, Johann"]
[Black "Rokitta, Uwe"]
[Result "1-0"]
[WhiteElo "1771"]
[BlackElo "1908"]
[PlyCount "131"]
[EventDate "2016.08.12"]
[EventType "swiss"]
[EventRounds "5"]
[EventCountry "GER"]
[SourceTitle "EXT 2022"]
[Source "ChessBase"]
[SourceDate "2021.10.06"]
[SourceVersion "1"]
[SourceVersionDate "2021.10.06"]
[SourceQuality "1"]

1. d4 Nf6 2. Nf3 c5 3. d5 g6 4. c4 b5 5. cxb5 a6 6. Nc3 axb5 7. Nxb5 Qa5+ 8. Nc3 Ba6 9. e3 Bxf1 10. Kxf1 d6 11. g3 Bg7 12. Kg2 0-0 13. Nd2 Nbd7 14. Nc4 Qa6 15. Qe2 Rfb8 16. Rb1 Rb4 17. b3 Rab8 18. Bd2 R4b7 19. e4 Ne8 20. Rhc1 Qa8 21. Na4 Nc7 22. Bc3 Bxc3 23. Nxc3 Nb5 24. Nxb5 Rxb5 25. Rc3 Qa6 26. Rb2 Qb7 27. h4 Nf6 28. f3 h5 29. Rbc2 Kg7 30. Nb2 Ra8 31. Na4 Qd7 32. Rc4 Rb7 33. Nc3 Qc8 34. Ra4 Rxa4 35. Nxa4 Ra7 36. Qb5 Qa6 37. Qxa6 Rxa6 38. Rc4 Nd7 39. Kf2 Kf6 40. Ke3 e6 41. Rc2 exd5 42. exd5 Ra8 43. Nc3 Re8+ 44. Ne4+ Ke7 45. f4 Nb6 46. Nc3 Kd7+ 47. Kf2 Nc8 48. Re2 Rf8 49. Ne4 f5 50. Nc3 Rf6 51. Ke3 Rf7 52. Kd3 Re7 53. Rxe7+ Nxe7 54. Kc4 Kc7 55. Kb5 Kb7 56. a4 Nc8 57. a5 Na7+ 58. Ka4 Ka6 59. b4 cxb4 60. Kxb4 Kb7 61. Nb5 Nc8 62. Nd4 Ne7 63. Kc4 Nc8 64. Nc6 Kc7 65. Nb4 Kb7 66. Kb5 1-0

[Event "Mittelrhein Verbandsliga-O 15/16"]
[Site "Nordrheinwestfalen"]
[Date "2016.03.13"]
[Round "9"]
[White "Engel, Johann"]
[Black "Kolkin, Michail"]
[Result "0-1"]
[WhiteElo "1803"]
[BlackElo "2364"]
[PlyCount "80"]
[EventDate "2015.09.06"]
[EventType "team-tourn"]
[EventRounds "11"]
[EventCountry "GER"]
[SourceTitle "EXT 2022"]
[Source "ChessBase"]
[SourceDate "2021.10.06"]
[SourceVersion "1"]
[SourceVersionDate "2021.10.06"]
[SourceQuality "1"]
[WhiteTeam "Bruehl III"]
[BlackTeam "Siegburg"]
[WhiteTeamCountry "GER"]
[BlackTeamCountry "GER"]

1. d4 d5 2. c4 e6 3. Nc3 f5 4. Nf3 Nf6 5. Bf4 c6 6. e3 Bd6 7. Ne5 0-0 8. Be2 Ne4 9. Nxe4 dxe4 10. Qd2 Bc7 11. 0-0 Nd7 12. Nxd7 Bxd7 13. Bxc7 Qxc7 14. Rac1 Rad8 15. Qc3 Be8 16. Rfd1 g5 17. Qb3 Bf7 18. Qa3 b6 19. c5 b5 20. b4 a5 21. Qxa5 Qxa5 22. bxa5 Ra8 23. a4 bxa4 24. a6 e5 25. dxe5 a3 26. Rd6 Bd5 27. Ra1 a2 28. Rxd5 cxd5 29. Rxa2 Rfc8 30. Rc2 Kf7 31. c6 Rc7 32. f4 gxf4 33. exf4 d4 34. Bb5 d3 35. Rb2 Rd8 36. Ba4 Rd4 37. Bd1 Rxc6 38. Ra2 Rc1 39. a7 e3 40. h3 Rxd1+ 0-1

[Event "Cologne Longerich op-A 12th"]
[Site "Cologne"]
[Date "2015.08.02"]
[Round "4"]
[White "Koellner, Christoph"]
[Black "Engel, Johann"]
[Result "1-0"]
[WhiteElo "2011"]
[BlackElo "1784"]
[PlyCount "53"]
[EventDate "2015.07.31"]
[EventType "tourn"]
[EventRounds "5"]
[EventCountry "GER"]
[SourceTitle "EXT 2017"]
[Source "ChessBase"]
[SourceDate "2016.10.25"]
[SourceVersion "1"]
[SourceVersionDate "2016.10.25"]
[SourceQuality "1"]

1. d4 Nf6 2. Nf3 g6 3. Nbd2 Bg7 4. e4 d6 5. c3 0-0 6. Bc4 Nbd7 7. 0-0 e5 8. Qb3 c5 9. dxe5 Nxe5 10. Nxe5 dxe5 11. Rd1 Qc7 12. f3 Nd7 13. Bd5 Nb6 14. Nc4 Nxc4 15. Qxc4 Bd7 16. a4 Rac8 17. Bg5 Be8 18. a5 b5 19. axb6 axb6 20. Ra6 Bc6 21. Rda1 Bxd5 22. Qxd5 Qc6 23. Be7 Qxd5 24. exd5 Rfe8 25. d6 Rb8 26. Rd1 Rxe7 27. dxe7 1-0

[Event "Cologne Longerich op-A 12th"]
[Site "Cologne"]
[Date "2015.08.02"]
[Round "2"]
[White "Maczkowiak, Thomas"]
[Black "Engel, Johann"]
[Result "1/2-1/2"]
[WhiteElo "1942"]
[BlackElo "1784"]
[PlyCount "42"]
[EventDate "2015.07.31"]
[EventType "tourn"]
[EventRounds "5"]
[EventCountry "GER"]
[SourceTitle "EXT 2017"]
[Source "ChessBase"]
[SourceDate "2016.10.25"]
[SourceVersion "1"]
[SourceVersionDate "2016.10.25"]
[SourceQuality "1"]

1. Nf3 Nf6 2. g3 g6 3. Bg2 Bg7 4. 0-0 0-0 5. c4 c5 6. Nc3 Nc6 7. d4 cxd4 8. Nxd4 Qb6 9. Nb3 d6 10. Nd5 Nxd5 11. cxd5 Ne5 12. Be3 Qd8 13. Bd4 Bd7 14. f4 Ng4 15. Bxg7 Kxg7 16. Qd4+ Kg8 17. Rac1 b6 18. Rc3 Rc8 19. Rfc1 Rxc3 20. Rxc3 Nf6 21. e4 Qb8 1/2-1/2

[Event "Cologne Longerich op-A 12th"]
[Site "Cologne"]
[Date "2015.08.01"]
[Round "3"]
[White "Engel, Johann"]
[Black "Hertling, Juergen"]
[Result "1/2-1/2"]
[WhiteElo "1784"]
[BlackElo "1890"]
[PlyCount "65"]
[EventDate "2015.07.31"]
[EventType "tourn"]
[EventRounds "5"]
[EventCountry "GER"]
[SourceTitle "EXT 2017"]
[Source "ChessBase"]
[SourceDate "2016.10.25"]
[SourceVersion "1"]
[SourceVersionDate "2016.10.25"]
[SourceQuality "1"]

1. d4 Nf6 2. Nf3 g6 3. Nc3 d5 4. Bg5 Bg7 5. e3 0-0 6. Bd3 b6 7. 0-0 Bb7 8. Ne2 c5 9. c3 Nbd7 10. Nd2 Re8 11. c4 cxd4 12. Nxd4 Nc5 13. Bc2 dxc4 14. Qe2 Qd5 15. N4f3 Nfe4 16. Nxe4 Nxe4 17. Rfd1 Qc6 18. Bf4 e5 19. Bg3 Nxg3 20. hxg3 h5 21. e4 Rad8 22. Nd2 b5 23. a4 a6 24. Qe3 Kh7 25. Qc3 f5 26. Qf3 Rf8 27. exf5 Qxf3 28. fxg6+ Kh6 29. Nxf3 e4 30. Nd2 Bxb2 31. Rab1 Bd4 32. Nxe4 Bxe4 33. Bxe4 1/2-1/2

[Event "Gelsenkirchen Silvester op 2nd"]
[Site "Gelsenkirchen"]
[Date "2014.12.28"]
[Round "3"]
[White "Engel, Johann"]
[Black "Marosa, Manfred"]
[Result "1-0"]
[WhiteElo "1775"]
[BlackElo "1447"]
[PlyCount "121"]
[EventDate "2014.12.27"]
[EventType "swiss"]
[EventRounds "5"]
[EventCountry "GER"]
[SourceTitle "EXT 2019"]
[Source "ChessBase"]
[SourceDate "2018.10.10"]
[SourceVersion "1"]
[SourceVersionDate "2018.10.10"]
[SourceQuality "1"]

1. d4 Nf6 2. Nf3 e6 3. c4 c5 4. d5 d6 5. Nc3 e5 6. e4 Be7 7. Bd3 0-0 8. 0-0 Nbd7 9. Nd2 Re8 10. Nb3 a6 11. a4 h6 12. f4 exf4 13. Bxf4 Bf8 14. Nd2 Ne5 15. Bxe5 dxe5 16. Nf3 Bg4 17. Qe1 Bh5 18. Qg3 Bd6 19. Nh4 Nh7 20. Nf5 Bg6 21. Be2 Bxf5 22. Rxf5 Rf8 23. Raf1 f6 24. Bg4 Kh8 25. R5f3 g6 26. Re3 Rg8 27. Be2 Qb6 28. Nd1 Raf8 29. Qh3 h5 30. Rb3 Qc7 31. Bf3 Ng5 32. Qh4 Nxf3+ 33. Rbxf3 Be7 34. Qh3 Rg7 35. Rb3 b6 36. Qe6 Rb8 37. Ne3 Rgg8 38. Rd1 Qd6 39. Ra1 a5 40. Rb5 Rg7 41. Ra3 Qxe6 42. dxe6 Bd8 43. Rd3 Re7 44. Rd6 Bc7 45. Rc6 Bd8 46. Nd5 Reb7 47. e7 Bxe7 48. Nxe7 Rxe7 49. Rxf6 Kg7 50. Rbxb6 Rxb6 51. Rxb6 Rd7 52. Rb5 Rd4 53. Rxc5 Rxe4 54. b3 Re3 55. Rxa5 Rxb3 56. Rb5 Ra3 57. a5 Kf6 58. Rb6+ Kf5 59. a6 e4 60. Kf2 Ra5 61. Rb5+ 1-0

[Event "Gelsenkirchen Silvester op 2nd"]
[Site "Gelsenkirchen"]
[Date "2014.12.27"]
[Round "1"]
[White "Engel, Johann"]
[Black "Wiemann, Niklas"]
[Result "0-1"]
[WhiteElo "1775"]
[BlackElo "1539"]
[PlyCount "110"]
[EventDate "2014.12.27"]
[EventType "swiss"]
[EventRounds "5"]
[EventCountry "GER"]
[SourceTitle "EXT 2019"]
[Source "ChessBase"]
[SourceDate "2018.10.10"]
[SourceVersion "1"]
[SourceVersionDate "2018.10.10"]
[SourceQuality "1"]

1. d4 e6 2. Nf3 Nf6 3. c4 d5 4. Nc3 b6 5. Bg5 Be7 6. e3 Bb7 7. Bd3 h6 8. Bf4 Nbd7 9. Nb5 Bb4+ 10. Nd2 0-0 11. Bxc7 Qc8 12. Bd6 Bxd6 13. Nxd6 Qc7 14. Nxb7 Qxb7 15. 0-0 Rac8 16. Rc1 Rc7 17. Qb3 Rfc8 18. Rc3 Ne4 19. Bxe4 dxe4 20. Qc2 Nf6 21. b4 a6 22. c5 b5 23. Rc1 Nd5 24. Rb3 f5 25. Nb1 Kf7 26. Nc3 Qc6 27. Nxd5 exd5 28. Ra1 Rb8 29. Rb2 a5 30. bxa5 Ra7 31. Qd2 Rba8 32. Qe2 Rxa5 33. Qh5+ Kf6 34. Qh4+ Kf7 35. Qf4 Qf6 36. Qc7+ Qe7 37. Qxe7+ Kxe7 38. g3 Kd7 39. Kg2 Kc6 40. Rab1 g5 41. a4 bxa4 42. Rb7 R5a6 43. Rf7 a3 44. Rxf5 a2 45. Ra1 Ra3 46. Rf6+ Kb5 47. Rb6+ Kc4 48. Rb2 Kc3 49. Re2 g4 50. Kf1 R8a4 51. Ke1 Kb3 52. Kd1 Rc4 53. Rd2 Rc3 54. Re2 Ra4 55. Rd2 Rd3 0-1

[Event "Bad Godesberg op 17th"]
[Site "Bad Godesberg"]
[Date "2013.08.06"]
[Round "4"]
[White "Engel, Johann"]
[Black "Mueller, Achim2222"]
[Result "1/2-1/2"]
[WhiteElo "1705"]
[BlackElo "1971"]
[PlyCount "48"]
[EventDate "2013.08.03"]
[EventType "swiss"]
[EventRounds "9"]
[EventCountry "GER"]
[SourceTitle "CBM 155 Extra"]
[Source "ChessBase"]
[SourceDate "2013.08.26"]
[SourceVersion "1"]
[SourceVersionDate "2013.08.26"]
[SourceQuality "1"]

1. d4 Nf6 2. c4 e6 3. Nf3 c5 4. d5 b5 5. dxe6 fxe6 6. e3 b4 7. Be2 Be7 8. Ne5 Bb7 9. Bh5+ g6 10. Bf3 Qc7 11. Bxb7 Qxb7 12. Qf3 Qxf3 13. Nxf3 Nc6 14. 0-0 Ne4 15. Nbd2 Nxd2 16. Bxd2 Bf6 17. Rab1 a5 18. g3 a4 19. a3 b3 20. Rfc1 Ke7 21. Bc3 Rhf8 22. Bxf6+ Rxf6 23. Ng5 Rf5 24. Ne4 h5 1/2-1/2

[Event "Bad Godesberg op 17th"]
[Site "Bad Godesberg"]
[Date "2013.08.03"]
[Round "1"]
[White "Florstedt, Johannes"]
[Black "Engel, Johann"]
[Result "1-0"]
[WhiteElo "2059"]
[BlackElo "1705"]
[PlyCount "119"]
[EventDate "2013.08.03"]
[EventType "swiss"]
[EventRounds "9"]
[EventCountry "GER"]
[SourceTitle "CBM 155 Extra"]
[Source "ChessBase"]
[SourceDate "2013.08.26"]
[SourceVersion "1"]
[SourceVersionDate "2013.08.26"]
[SourceQuality "1"]

1. c4 Nf6 2. g3 g6 3. Bg2 Bg7 4. Nc3 0-0 5. e4 d6 6. Nge2 c5 7. 0-0 Nc6 8. d3 e5 9. a3 a5 10. Rb1 Ne8 11. Nd5 Nc7 12. Be3 Nxd5 13. cxd5 Nd4 14. b4 axb4 15. axb4 Nxe2+ 16. Qxe2 b6 17. Qb2 Ba6 18. Rfd1 Rc8 19. Ra1 Ra8 20. Ra3 Qc7 21. Rda1 Bb7 22. Bh3 Rxa3 23. Rxa3 Ra8 24. Rxa8+ Bxa8 25. Qa2 Qb8 26. Bd7 Bb7 27. Qa4 Bc8 28. Bxc8 Qxc8 29. Qc6 Qb8 30. b5 Bf6 31. Kg2 Kg7 32. g4 g5 33. Qd7 h6 34. Qc6 Kg6 35. h3 Kg7 36. Kg3 Qd8 37. Qb7 Kg6 38. Kg2 Kg7 39. Kg3 Kg6 40. Kg2 Kg7 41. Bd2 h5 42. f3 hxg4 43. hxg4 Be7 44. Qa7 Bf6 45. Ba5 c4 46. Bxb6 Qc8 47. dxc4 Qxc4 48. Qd7 Qa4 49. Bf2 Kg6 50. Qf5+ Kg7 51. b6 Bd8 52. b7 Bc7 53. Qxg5+ Kf8 54. Qf5 Qa5 55. Qc8+ Kg7 56. b8Q Bxb8 57. Qxb8 Qa3 58. Qd8 Qb4 59. Qg5+ Kf8 60. Bh4 1-0

[Event "Cologne Longerich op-B 12th"]
[Site "Cologne"]
[Date "2013.07.22"]
[Round "5"]
[White "Engel, Johann"]
[Black "Sewald, Richard"]
[Result "1-0"]
[WhiteElo "1575"]
[BlackElo "1301"]
[PlyCount "99"]
[EventDate "2013.07.19"]
[EventType "tourn"]
[EventRounds "5"]
[EventCountry "GER"]
[SourceTitle "EXT 2017"]
[Source "ChessBase"]
[SourceDate "2016.10.25"]
[SourceVersion "1"]
[SourceVersionDate "2016.10.25"]
[SourceQuality "1"]

1. d4 Nf6 2. c4 e6 3. Nf3 b6 4. Nc3 Bb7 5. Bf4 Bb4 6. e3 Ne4 7. Rc1 Nxc3 8. bxc3 Ba3 9. Rb1 Be7 10. Bd3 c5 11. 0-0 d5 12. cxd5 exd5 13. Bxb8 Rxb8 14. Bb5+ Kf8 15. Ne5 Rc8 16. Qh5 g6 17. Qh6+ Kg8 18. f4 Bf8 19. Qh3 Bg7 20. Nd3 c4 21. Ne5 Bxe5 22. fxe5 Rc7 23. Rf6 Bc8 24. Qf3 Kg7 25. Rd6 Qe7 26. Qf6+ Qxf6 27. exf6+ Kh6 28. Rxd5 a6 29. Ba4 b5 30. Bc2 Re8 31. e4 Rc6 32. Rf1 Be6 33. Re5 Bd7 34. Rxe8 Bxe8 35. e5 Re6 36. Rf3 Kg5 37. Rg3+ Kf4 38. Kf2 Bc6 39. Bd1 Bd5 40. h3 h5 41. Bc2 Be4 42. Bxe4 Kxe4 43. Rxg6 b4 44. cxb4 Kxd4 45. Rg5 Rxe5 46. Rxe5 Kxe5 47. Ke3 Kd5 48. g4 hxg4 49. hxg4 Ke5 50. g5 1-0

[Event "Cologne Longerich op-B 12th"]
[Site "Cologne"]
[Date "2013.07.20"]
[Round "2"]
[White "Reinartz, Ulrich"]
[Black "Engel, Johann"]
[Result "1/2-1/2"]
[WhiteElo "1676"]
[BlackElo "1575"]
[PlyCount "134"]
[EventDate "2013.07.19"]
[EventType "tourn"]
[EventRounds "5"]
[EventCountry "GER"]
[SourceTitle "EXT 2017"]
[Source "ChessBase"]
[SourceDate "2016.10.25"]
[SourceVersion "1"]
[SourceVersionDate "2016.10.25"]
[SourceQuality "1"]

1. e4 c6 2. d4 d5 3. exd5 cxd5 4. Nf3 Nc6 5. Bb5 Bf5 6. 0-0 e6 7. Bf4 Bd6 8. Bxd6 Qxd6 9. c3 Nf6 10. Nbd2 0-0 11. Re1 a6 12. Bf1 b5 13. b4 Ne4 14. Nxe4 Bxe4 15. Nd2 Bg6 16. Nb3 Rfb8 17. a4 Na7 18. Nc5 Rb6 19. g3 Qc6 20. h4 h6 21. Bh3 Be4 22. Qe2 bxa4 23. Nxa4 Rbb8 24. Nc5 Nb5 25. Qe3 Ra7 26. c4 Nd6 27. b5 Qa8 28. Rxa6 Rxa6 29. Nxa6 Nxc4 30. Qc3 Rc8 31. Nc5 Rc7 32. Rxe4 dxe4 33. Qxc4 e5 34. b6 Re7 35. d5 Qa1+ 36. Kh2 Qb2 37. Nxe4 Qxb6 38. d6 Re8 39. d7 Rd8 40. Qd5 g6 41. Qxe5 f5 42. Nf6+ Kf7 43. Nd5 Qe6 44. Qxe6+ Kxe6 45. Nf4+ Kf7 46. h5 g5 47. Ng6 Kf6 48. g4 f4 49. Bf1 Rxd7 50. Kg2 Ra7 51. Bd3 Ke6 52. Kf3 Kd5 53. Nxf4+ gxf4 54. Kxf4 Ke6 55. Bg6 Ra4+ 56. Kg3 Ke5 57. f3 Ra3 58. Be4 Rc3 59. g5 hxg5 60. Kg4 Kf6 61. h6 Rc1 62. h7 Rh1 63. Kg3 Kg7 64. Kg4 Kf6 65. Kg3 Rh4 66. Bd3 Kg7 67. Be4 Rf4 1/2-1/2

[Event "GER-ch U12"]
[Site "Oberhof"]
[Date "2013.05.22"]
[Round "7"]
[White "Engel, Johann"]
[Black "Nguyen, Ha Thanh"]
[Result "1-0"]
[WhiteElo "1650"]
[BlackElo "1570"]
[PlyCount "111"]
[EventDate "2013.05.19"]
[EventType "swiss"]
[EventRounds "11"]
[EventCountry "GER"]
[SourceTitle "CBM 154 Extra"]
[Source "ChessBase"]
[SourceDate "2013.06.25"]
[SourceVersion "2"]
[SourceVersionDate "2013.06.25"]
[SourceQuality "1"]

1. d4 d5 2. c4 e6 3. Nc3 f5 4. Bf4 Nf6 5. e3 c6 6. Nf3 Be7 7. Be2 0-0 8. 0-0 Ne4 9. Rc1 Nd7 10. Qc2 h6 11. Ne5 Qe8 12. Qd1 Nxe5 13. Bxe5 Bd7 14. Bh5 Qd8 15. Ne2 g5 16. Nc3 Be8 17. Nxe4 dxe4 18. Bxe8 Qxe8 19. d5 Rd8 20. d6 Bf6 21. Bxf6 Rxf6 22. c5 e5 23. Qb3+ Qf7 24. Rc3 Qxb3 25. axb3 b6 26. b4 bxc5 27. bxc5 Rb8 28. b3 Rff8 29. Ra1 Rb7 30. Ra6 Rc8 31. g3 Kf7 32. Kf1 Ke6 33. Ke2 Kd5 34. Ra1 Rd8 35. Kd2 Ra8 36. Kc2 a5 37. Rc4 Raa7 38. Kc3 Rd7 39. Rd1+ Ke6 40. Ra4 Ra6 41. Kc4 Rb7 42. Rda1 Rb5 43. b4 Kd7 44. Rxa5 Raxa5 45. Rxa5 Rb7 46. Ra8 Ke6 47. Re8+ Kf6 48. Rc8 Ke6 49. Rxc6 Kd7 50. Rc7+ Rxc7 51. dxc7 Kxc7 52. Kd5 Kd7 53. Kxe5 Kc6 54. Kxf5 Kb5 55. Kxe4 Kxb4 56. c6 1-0

[Event "GER-ch U12"]
[Site "Oberhof"]
[Date "2013.05.22"]
[Round "6"]
[White "Wuebker, Paul Luca"]
[Black "Engel, Johann"]
[Result "1-0"]
[WhiteElo "1479"]
[BlackElo "1650"]
[PlyCount "149"]
[EventDate "2013.05.19"]
[EventType "swiss"]
[EventRounds "11"]
[EventCountry "GER"]
[SourceTitle "CBM 154 Extra"]
[Source "ChessBase"]
[SourceDate "2013.06.25"]
[SourceVersion "2"]
[SourceVersionDate "2013.06.25"]
[SourceQuality "1"]

1. d4 Nf6 2. c4 g6 3. Nc3 d5 4. cxd5 Nxd5 5. e4 Nxc3 6. bxc3 Bg7 7. Bc4 0-0 8. Ne2 Nd7 9. 0-0 Nb6 10. Bb3 Bd7 11. Be3 Bc6 12. f3 Bb5 13. a4 Ba6 14. Re1 Nc4 15. Bxc4 Bxc4 16. Qc2 Qd7 17. Rab1 Ba6 18. Nf4 b6 19. Nd3 Rfd8 20. Red1 Rab8 21. Bf4 Rbc8 22. Ne5 Qe8 23. d5 Bb7 24. a5 f6 25. Nd3 Ba8 26. axb6 cxb6 27. Qa2 Rd7 28. c4 h5 29. Be3 Qd8 30. c5 Kh7 31. cxb6 axb6 32. Bxb6 Qe8 33. Nf4 Bh6 34. Ne6 Rb7 35. Bf2 Rc3 36. Rxb7 Bxb7 37. Qb2 Qc8 38. Qb4 Rc1 39. Rxc1 Qxc1+ 40. Qe1 Qxe1+ 41. Bxe1 Be3+ 42. Bf2 Bxf2+ 43. Kxf2 Kg8 44. Ke3 Ba6 45. Kd4 Kf7 46. g3 Bf1 47. f4 Bh3 48. Nc5 g5 49. fxg5 fxg5 50. e5 h4 51. d6 exd6 52. exd6 hxg3 53. hxg3 Bg2 54. Ke5 Bf3 55. Ne6 Ke8 56. Nxg5 Be2 57. Ne6 Bg4 58. Nc5 Kd8 59. d7 Ke7 60. Kf4 Be2 61. Kg5 Bc4 62. g4 Be2 63. Kh4 Kd8 64. g5 Ke7 65. g6 Bc4 66. Kg5 Ba2 67. Kh6 Bd5 68. Kh7 Bf7 69. gxf7 Kxf7 70. d8R Ke7 71. Rd5 Kf6 72. Kh6 Ke7 73. Kg6 Kf8 74. Re5 Kg8 75. Re8# 1-0

[Event "GER-ch U12"]
[Site "Oberhof"]
[Date "2013.05.20"]
[Round "3"]
[White "Engel, Johann"]
[Black "Stein, Robert"]
[Result "0-1"]
[WhiteElo "1650"]
[BlackElo "1728"]
[PlyCount "98"]
[EventDate "2013.05.19"]
[EventType "swiss"]
[EventRounds "11"]
[EventCountry "GER"]
[SourceTitle "CBM 154 Extra"]
[Source "ChessBase"]
[SourceDate "2013.06.25"]
[SourceVersion "2"]
[SourceVersionDate "2013.06.25"]
[SourceQuality "1"]

1. d4 Nf6 2. Nf3 g6 3. Bf4 Bg7 4. e3 d5 5. Bd3 0-0 6. 0-0 c5 7. c3 Qb6 8. Qc2 Nc6 9. Nbd2 Bg4 10. h3 Bxf3 11. Nxf3 Rac8 12. Qd2 Nd7 13. Rab1 e5 14. dxe5 Ndxe5 15. Be2 Rfd8 16. Rfd1 Nxf3+ 17. Bxf3 d4 18. cxd4 cxd4 19. Qe2 Ne5 20. Bxe5 Bxe5 21. exd4 Bxd4 22. b3 Re8 23. Qd2 Rcd8 24. Qc2 Re7 25. Rbc1 Red7 26. Qe2 Kg7 27. Qe1 Qf6 28. Qe2 h5 29. Qc2 b6 30. Qe2 Be5 31. Rxd7 Rxd7 32. Re1 Bc3 33. Rd1 Re7 34. Qc2 Rc7 35. Qe2 Be5 36. Re1 Re7 37. Qd1 h4 38. Re4 Qg5 39. Qe1 Qf5 40. Qe2 Qe6 41. Qc4 Rc7 42. Qf1 Qf6 43. Rc4 Rd7 44. Re4 Rd2 45. a4 Ra2 46. Qe1 Ra1 47. Bd1 Qd6 48. Rxe5 Rxd1 49. Re6 fxe6 0-1